Ocenenie a riešenie poľnohospodárskej pôdy, jej toky v matici spoločenského účtovníctva a jej riešenie v modeli všeobecnej rovnováhy
Uložené v:
| Hlavný autor: | |
|---|---|
| Ďalší autori: | |
| Médium: | Kniha |
| Jazyk: | Slovak |
| Vydavateľské údaje: |
Bratislava
Výskumný ústav ekonomiky poľnohospodárstva a potravinárstva
2007
|
| Edícia: | Štúdia
č. 118/2007 |
| Predmet: | |
| Tagy: |
Žiadne tagy, Buďte prvý, kto otaguje tento záznam!
|
MARC
| LEADER | 00000nam$a2200000$$$4500 | ||
|---|---|---|---|
| 001 | 0060366 | ||
| 005 | 20240223110320.7 | ||
| 020 | |a 978-80-8058-452-8 | ||
| 041 | 0 | |a slo | |
| 044 | |a SK | ||
| 245 | 1 | 0 | |a Ocenenie a riešenie poľnohospodárskej pôdy, jej toky v matici spoločenského účtovníctva a jej riešenie v modeli všeobecnej rovnováhy |c Eva Uhrinčaťová, Marian Božík |
| 264 | 1 | |a Bratislava |b Výskumný ústav ekonomiky poľnohospodárstva a potravinárstva |c 2007 | |
| 300 | |a 46 s. | ||
| 490 | 1 | |a Štúdia |v č. 118/2007 | |
| 830 | 0 | |a Štúdia |v č. 118/2007 | |
| 610 | 2 | 0 | |a poľnohospodárstvo |
| 610 | 2 | 0 | |a pôda |
| 610 | 2 | 0 | |a oceňovanie |
| 610 | 2 | 0 | |a účtovníctvo |
| 610 | 2 | 0 | |a modely rovnováhy |
| 610 | 2 | 0 | |a Slovensko |
| 100 | 1 | |a Uhrinčaťová, Eva | |
| 700 | 1 | |a Božík, Marian | |